[Event "RUS-chT Premier 2019"]
[Site "Sochi"]
[Date "2019.05.05"]
[Round "5.29"]
[White "Rozum, Ivan"]
[Black "Oparin, Grigoriy"]
[Result "1/2-1/2"]
[WhiteElo "2568"]
[BlackElo "2624"]
[Annotator "TA"]
[PlyCount "170"]
[EventDate "2019.05.01"]
[EventType "team-tourn"]
[EventCountry "RUS"]
[SourceTitle "playchess.com"]
[Source "ChessBase"]
[SourceQuality "1"]

{[%evp 22,170,41,31,50,8,8,17,16,15,16,16,25,17,18,18,24,0,0,0,0,0,0,0,0,-56,-30,-44,-42,-112,-49,-99,0,0,0,0,0,0,187,0,0,0,0,-8,0,0,129,114,139,139,141,137,110,57,57,54,56,50,50,56,96,96,165,154,166,151,327,327,327,294,368,101,101,101,101,101,101,101,101,101,101,101,101,101,101,101,101,101,101,101,101,101,101,8,101,101,101,8,8,8,101,8,8,8,8,8,101,101,101,101,101,101,101,101,101,101,101,101,101,101,101,101,101,101,101,101,101,101,101,101,101,108,122,8,8,0,101,101,101,101,101,8,8,8,8,8,8,8,8,8,29974]} 1. Nf3 Nf6 2. c4 e6 3. Nc3 d5 4. e3 Be7 5. b3 c5 6. Bb2 O-O 7. cxd5 exd5 8. d4 Nc6 9. Be2 Bg4 10. dxc5 Bxc5 11. O-O a6 12. Rc1 Ba7 {D32: Tarrasch Defence: Sidelines and lines without g3} 13. Nd4 (13. h3 $5 {[%cal Rh3g4]} Bh5 14. Nh4 $14) 13... Bxd4 14. Bxg4 Be5 15. Bf3 Qd6 16. g3 Rad8 17. Bg2 Rfe8 18. Re1 {[#]} h6 $146 ({Predecessor:} 18... h5 19. Qd2 h4 20. f4 Bxc3 21. Qxc3 hxg3 22. hxg3 {½-½ (44) Jussupow,A (2628)-Topalov,V (2702) Frankfurt 2000}) 19. Qf3 d4 20. exd4 Bxd4 21. Rxe8+ Rxe8 22. Rd1 Qe5 23. Bf1 (23. Kf1 $11) 23... h5 $15 24. Rd2 Qa5 25. Rc2 (25. a3 $15) 25... Ng4 ({Better is} 25... Re1 $17 26. Kg2 h4) 26. Kg2 Re3 (26... Re6 $1 $17 27. Bc4 Rf6) 27. fxe3 $11 Nxe3+ {[%mdl 64] Double Attack} 28. Kh1 Nxc2 29. Qe4 $36 {[%mdl 2048] White wants to mate with Qe8+. White is more active.} N2b4 $2 (29... Qe5 $11 {and Black is okay.} 30. Qxc2 Qe3) 30. Qe8+ $2 (30. a3 $18) 30... Kh7 {Threatens to win with ...Ne5.} 31. Qxf7 Qe5 32. Bc4 Ne7 33. a3 Ng6 (33... Na2 $11 34. Bd3+ Kh6) 34. axb4 $16 Qe1+ 35. Qf1 Bxc3 36. Qxe1 Bxe1 {[%mdl 4096] Endgame KBB-KBN} 37. b5 ({White should try} 37. Bd3 $16) 37... axb5 $14 38. Bxb5 Ne7 39. Bd3+ g6 40. Kg2 Kg8 41. Be4 b5 (41... b6 $16 {was called for.}) 42. Bd3 $18 b4 43. Kf1 Bc3 $2 (43... Bd2 $16 44. Ke2 Bg5) 44. Bxc3 bxc3 {KB-KN} 45. Ke2 h4 46. Be4 $2 (46. gxh4 $18 Nc6 47. Bc4+ (47. Bxg6 Nd4+ 48. Ke3 c2 $11) 47... Kg7 48. Kd3) 46... hxg3 $16 47. hxg3 Kf7 48. Kd3 Ke6 49. Kxc3 Ke5 50. Kd3 g5 51. b4 Nc8 52. b5 Nd6 53. Bc6 Nf5 54. g4 $1 {[%cal Rg4f5]} Nh6 55. Bf3 $1 Nf7 56. Kc4 Kd6 {Hoping for ...Ne5+.} 57. Be2 ({White should play} 57. Kb4 $1 $16) 57... Ne5+ (57... Kc7 $1 $11 {remains equal.}) 58. Kd4 {aiming for Ke4.} Nf7 59. Bd3 (59. Bd1 $1 $16) 59... Nh6 60. Bf5 Ng8 (60... Nf7 $1 $11) 61. Bc2 (61. Be4 $1 $16) 61... Nh6 $1 $11 62. Bd1 Nf7 $1 63. Be2 {Black should prevent Bd1.} Nh6 (63... Kc7 $1 $11) 64. Kc4 $16 Nf7 65. Kb4 $1 Ne5 66. Ka5 {And now b6 would win.} Kc7 67. Ka6 Nd7 68. Bd1 Nc5+ 69. Ka7 $1 Nd7 70. Bb3 Nb6 71. Ka6 Nd7 {With the idea ...Nc5+.} 72. Ka5 Nc5 73. Bd5 Nd7 74. Be6 {Intending Bxd7 and mate.} Nb6 75. Kb4 {Black must now prevent Kc5.} Kd6 76. Bf5 Nd5+ 77. Kc4 ({White has to play} 77. Ka5 $1 $16 {Strongly threatening b6.} Kc5 78. Bd3) 77... Nf6 $1 $11 78. Kd4 (78. b6 $11 Kc6 79. Be6) 78... Ng8 $1 $16 {[#]} 79. Be4 $1 Nh6 80. Bf3 Nf7 {[#]} 81. b6 (81. Bd1 $1 $16) 81... Nh6 $1 $11 {The position is equal.} 82. Kc4 Nxg4 $1 83. Kb5 Ne5 84. Ka6 $1 Nd7 ({But not} 84... Nxf3 $2 85. b7 $18) 85. b7 Ke5 $2 {[%mdl 40960] Accuracy: White = 56%, Black = 59%. . An unexpected result.} (85... Nc5+ $11 86. Kb6 Nxb7) 1/2-1/2

[Event "RUS-chT Premier 2019"]
[Site "Sochi"]
[Date "2019.05.05"]
[Round "5.30"]
[White "Predke, Alexandr"]
[Black "Sychev, Klementy"]
[Result "1/2-1/2"]
[WhiteElo "2626"]
[BlackElo "2574"]
[Annotator "TA"]
[PlyCount "95"]
[EventDate "2019.05.01"]
[EventType "team-tourn"]
[EventCountry "RUS"]
[SourceTitle "playchess.com"]
[Source "ChessBase"]
[SourceQuality "1"]

{[%evp 9,95,10,41,33,31,37,31,29,20,21,37,39,40,27,43,46,55,47,79,47,46,47,66,43,36,31,50,40,50,41,53,47,57,51,57,51,95,61,55,55,81,62,71,68,66,22,9,13,45,45,54,29,29,36,58,0,0,-11,-11,-8,-9,-28,-16,-46,-42,-44,0,0,0,0,0,0,0,0,0,0,0,0,0,0,0,0,0,0,0,0,0,0]} 1. e4 c5 2. Nf3 d6 3. Bb5+ Nd7 4. a4 {[%cal Ba2a4,Ba4a5][%mdl 32]} Ngf6 5. Nc3 g6 6. a5 {B51: Sicilian: Moscow Variation (3 Bb5+) without 3...Bd7} Bg7 7. O-O O-O 8. d3 {White is slightly better.} a6 9. Bc4 b5 10. axb6 $1 Nxb6 11. Ba2 $146 ({Predecessor:} 11. Bb3 Bb7 12. Re1 e6 13. e5 dxe5 14. Nxe5 {½-½ (30) Giri,A (2778)-Vachier Lagrave,M (2765) Reykjavik 2015}) 11... Bg4 12. h3 Bxf3 13. Qxf3 Nbd7 14. Nd5 e6 15. Nxf6+ Qxf6 16. Qxf6 Bxf6 17. c3 a5 18. Bb3 Rfb8 19. Bc2 Kg7 20. Ra2 Ra7 21. f4 h5 22. g3 Rab7 23. Rf2 Bd8 24. Kg2 Bc7 25. Bd1 Bd8 26. Rf1 Bc7 27. g4 hxg4 28. hxg4 Rh8 (28... g5 $5) 29. g5 f6 30. Ba4 Bd8 31. Bc6 Rc7 32. Bxd7 ({Better is} 32. Bb5 $14) 32... Rxd7 $11 33. Rf3 fxg5 34. fxg5 Rh5 35. Rg3 (35. Ra4 {keeps more tension.} Bxg5 36. Bxg5 Rxg5+ 37. Rg3 Rxg3+ 38. Kxg3 Rb7 39. Rxa5 Kf6 40. Ra2) 35... Kg8 36. Be3 Rdh7 37. Bg1 Rxg5 38. Rxg5 {The position is equal.} Bxg5 39. Rxa5 $15 {[%mdl 4096] Endgame KRB-KRB} Rb7 40. Ra2 Bc1 41. e5 dxe5 42. Bxc5 {aiming for b4.} Rxb2+ 43. Rxb2 Bxb2 $11 {KB-KB} 44. c4 e4 45. dxe4 Kf7 46. Kf3 Ke8 47. Kf4 Bf6 48. Kg4 {Accuracy: White = 59%, Black = 56%.} 1/2-1/2

[Event "RUS-chT Premier 2019"]
[Site "Sochi"]
[Date "2019.05.07"]
[Round "6.1"]
[White "Lobanov, Sergei"]
[Black "Motylev, Alexander"]
[Result "0-1"]
[WhiteElo "2513"]
[BlackElo "2650"]
[Annotator "ChessBase"]
[PlyCount "80"]
[EventDate "2019.05.01"]
[EventType "team-tourn"]
[EventCountry "RUS"]
[SourceTitle "playchess.com"]
[Source "ChessBase"]
[SourceQuality "1"]
[TimeControl "40/5400+30:1800+30"]

1. e4 {[%emt 0:00:00]} c6 {[%emt 0:00:00]} 2. d4 {[%emt 0:00:00]} d5 {[%emt 0:00:00]} 3. e5 {[%emt 0:00:00]} c5 {[%emt 0:00:00]} 4. dxc5 {[%emt 0:00:00]} e6 {[%emt 0:00:04]} 5. a3 {[%emt 0:00:18]} Bxc5 {[%emt 0:00:07]} 6. b4 {[%emt 0:00:58]} Bb6 {[%emt 0:00:34]} 7. Qg4 {[%emt 0:05:18]} Ne7 {[%emt 0:00:24]} 8. Nf3 {[%emt 0:06:52]} Ng6 {[%emt 0:00:36]} 9. Bd3 {[%emt 0:01:48]} Nc6 {[%emt 0:00:13]} 10. O-O {[%emt 0:08:37]} h5 {[%emt 0:26:24]} 11. Qg3 {[%emt 0:00:20]} Nd4 {[%emt 0:02:26]} 12. Nxd4 {[%emt 0:33:32]} Bxd4 {[%emt 0:04:00]} 13. Bxg6 {[%emt 0:00:04]} Bxa1 {[%emt 0:01:55]} 14. Bd3 {[%emt 0:00:11]} Kf8 {[%emt 0:07:16]} 15. Be3 {[%emt 0:07:09]} h4 {[%emt 0:02:53]} 16. Bc5+ {[%emt 0:00:05]} Kg8 {[%emt 0:00:28]} 17. Qf4 {[%emt 0:00:18]} h3 {[%emt 0:11:22]} 18. g3 {[%emt 0:02:01]} a5 {[%emt 0:10:47]} 19. b5 {[%emt 0:05:54]} Bd7 {[%emt 0:09:39]} 20. c3 {[%emt 0:07:54]} a4 {[%emt 0:03:08]} 21. b6 {[%emt 0:10:04]} Rc8 {[%emt 0:11:09]} 22. Bd4 {[%emt 0:03:28]} Qe8 {[%emt 0:01:13]} 23. Qd2 {[%emt 0:05:00]} Bb5 {[%emt 0:00:09]} 24. Rc1 {[%emt 0:00:17]} Bxd3 {[%emt 0:04:20]} 25. Qxd3 {[%emt 0:00:01]} Qc6 {[%emt 0:00:40]} 26. Kf1 {[%emt 0:00:34]} Qc4 {[%emt 0:02:10]} 27. Ke2 {[%emt 0:01:48]} Qb3 {[%emt 0:00:51]} 28. Nd2 {[%emt 0:00:51]} Qxa3 {[%emt 0:00:10]} 29. Kd1 {[%emt 0:00:32]} Bb2 {[%emt 0:00:32]} 30. Rc2 {[%emt 0:00:33]} Qa1+ {[%emt 0:00:18]} 31. Ke2 {[%emt 0:00:01]} a3 {[%emt 0:00:23]} 32. Qb5 {[%emt 0:00:04]} Kh7 {[%emt 0:01:15]} 33. Qd3+ {[%emt 0:01:18]} Kg8 {[%emt 0:00:20]} 34. Qb5 {[%emt 0:00:13]} Kh7 {[%emt 0:00:12]} 35. Qd3+ {[%emt 0:00:10]} g6 {[%emt 0:00:04]} 36. Nf3 {[%emt 0:01:01]} Kg7 {[%emt 0:00:27]} 37. Ng5 {[%emt 0:00:23]} Qb1 {[%emt 0:00:26]} 38. Qd2 {[%emt 0:00:04]} Rh5 {[%emt 0:00:23]} 39. f4 {[%emt 0:00:05]} Rxg5 {[%emt 0:00:24]} 40. fxg5 {[%emt 0:00:00]} a2 {[%emt 0:00:00]} 0-1

[Event "RUS-chT Premier 2019"]
[Site "Sochi"]
[Date "2019.05.07"]
[Round "6.2"]
[White "Lysyj, Igor"]
[Black "Usmanov, Vasily"]
[Result "1/2-1/2"]
[WhiteElo "2642"]
[BlackElo "2437"]
[Annotator "ChessBase"]
[PlyCount "119"]
[EventDate "2019.05.01"]
[EventType "team-tourn"]
[EventCountry "RUS"]
[SourceTitle "playchess.com"]
[Source "ChessBase"]
[SourceQuality "1"]
[TimeControl "40/5400+30:1800+30"]

1. d4 {[%emt 0:00:00]} Nf6 {[%emt 0:00:00]} 2. c4 {[%emt 0:00:00]} e6 {[%emt 0:00:00]} 3. Nf3 {[%emt 0:00:00]} a6 {[%emt 0:00:00]} 4. e3 {[%emt 0:00:19]} d5 {[%emt 0:00:00]} 5. a3 {[%emt 0:00:08]} c5 {[%emt 0:00:30]} 6. cxd5 {[%emt 0:00:20]} exd5 {[%emt 0:00:14]} 7. dxc5 {[%emt 0:00:14]} Bxc5 {[%emt 0:00:21]} 8. Be2 {[%emt 0:00:14]} Nc6 {[%emt 0:01:28]} 9. b4 {[%emt 0:01:31]} Ba7 {[%emt 0:02:17]} 10. Bb2 {[%emt 0:00:08]} O-O {[%emt 0:00:13]} 11. O-O {[%emt 0:00:04]} Re8 {[%emt 0:09:12]} 12. b5 {[%emt 0:00:08]} axb5 {[%emt 0:01:07]} 13. Bxb5 {[%emt 0:00:05]} Bg4 {[%emt 0:04:23]} 14. Nbd2 {[%emt 0:05:12]} Ne4 {[%emt 0:12:08]} 15. Nxe4 {[%emt 0:02:39]} dxe4 {[%emt 0:08:13]} 16. Qxd8 {[%emt 0:00:45]} Rexd8 {[%emt 0:00:05]} 17. Bxc6 {[%emt 0:01:05]} bxc6 {[%emt 0:00:05]} 18. Ne5 {[%emt 0:00:05]} Bd7 {[%emt 0:02:27]} 19. Rfc1 {[%emt 0:07:29]} c5 {[%emt 0:01:12]} 20. Nxd7 {[%emt 0:00:16]} Rxd7 {[%emt 0:00:05]} 21. g4 {[%emt 0:07:14]} h5 {[%emt 0:06:22]} 22. gxh5 {[%emt 0:12:15]} Rd5 {[%emt 0:02:43]} 23. Rc4 {[%emt 0:00:23]} Rb8 {[%emt 0:01:34]} 24. Bc3 {[%emt 0:02:00]} Rb3 {[%emt 0:02:27]} 25. h6 {[%emt 0:16:16]} gxh6 {[%emt 0:00:11]} 26. Bf6 {[%emt 0:00:13]} Rb6 {[%emt 0:04:34]} 27. Bh4 {[%emt 0:01:38]} f5 {[%emt 0:03:01]} 28. Ra4 {[%emt 0:04:51]} Rd7 {[%emt 0:00:15]} 29. Rc1 {[%emt 0:02:44]} Kf7 {[%emt 0:01:21]} 30. Kg2 {[%emt 0:00:52]} Rb2 {[%emt 0:07:22]} 31. Ra6 {[%emt 0:05:35]} Bb6 {[%emt 0:00:27]} 32. Bg3 {[%emt 0:07:09]} Rb3 {[%emt 0:07:16]} 33. a4 {[%emt 0:06:37]} Ra7 {[%emt 0:00:05]} 34. Rxa7+ {[%emt 0:00:42]} Bxa7 {[%emt 0:00:04]} 35. Bd6 {[%emt 0:00:03]} Ra3 {[%emt 0:01:48]} 36. Rc4 {[%emt 0:05:30]} Kg6 {[%emt 0:05:47]} 37. Kg3 {[%emt 0:06:27]} Bb6 {[%emt 0:02:19]} 38. h3 {[%emt 0:02:27]} Ra2 {[%emt 0:03:07]} 39. h4 {[%emt 0:01:31]} Kh5 {[%emt 0:02:35]} 40. f3 {[%emt 0:00:00]} Rd2 {[%emt 0:00:00]} 41. Bf4 {[%emt 0:06:01]} exf3 {[%emt 0:17:09]} 42. Kxf3 {[%emt 0:00:04]} Ra2 {[%emt 0:02:14]} 43. Rc1 {[%emt 0:07:57]} Kg6 {[%emt 0:05:00]} 44. h5+ {[%emt 0:08:05]} Kf7 {[%emt 0:00:09]} 45. Bxh6 {[%emt 0:03:02]} Rh2 {[%emt 0:00:23]} 46. Bf4 {[%emt 0:00:31]} Rxh5 {[%emt 0:00:54]} 47. Rd1 {[%emt 0:01:04]} Ke7 {[%emt 0:02:32]} 48. Ke2 {[%emt 0:01:26]} Rh8 {[%emt 0:00:57]} 49. Rb1 {[%emt 0:00:06]} Ba5 {[%emt 0:00:15]} 50. Kd3 {[%emt 0:00:01]} Kd7 {[%emt 0:03:09]} 51. Kc4 {[%emt 0:00:41]} Kc6 {[%emt 0:01:48]} 52. Rg1 {[%emt 0:02:15]} Re8 {[%emt 0:00:29]} 53. Rg6+ {[%emt 0:00:07]} Kb7 {[%emt 0:00:05]} 54. Rd6 {[%emt 0:06:30]} Bb6 {[%emt 0:00:15]} 55. Kb5 {[%emt 0:00:22]} Ba7 {[%emt 0:00:05]} 56. Rd3 {[%emt 0:02:44]} Bb8 {[%emt 0:05:22]} 57. Rd5 {[%emt 0:00:07]} c4 {[%emt 0:00:54]} 58. Rc5 {[%emt 0:01:25]} Ba7 {[%emt 0:01:05]} 59. Rc7+ {[%emt 0:00:13]} Ka8 {[%emt 0:00:02]} 60. Rxc4 {[%emt 0:00:23]} 1/2-1/2

[Event "RUS-chT Premier 2019"]
[Site "Sochi"]
[Date "2019.05.07"]
[Round "6.3"]
[White "Pershin, Denis"]
[Black "Sarana, Alexey"]
[Result "0-1"]
[WhiteElo "2409"]
[BlackElo "2636"]
[Annotator "ChessBase"]
[PlyCount "86"]
[EventDate "2019.05.01"]
[EventType "team-tourn"]
[EventCountry "RUS"]
[SourceTitle "playchess.com"]
[Source "ChessBase"]
[SourceQuality "1"]
[TimeControl "40/5400+30:1800+30"]

1. d4 {[%emt 0:00:00]} Nf6 {[%emt 0:00:00]} 2. c4 {[%emt 0:00:00]} e6 {[%emt 0:00:00]} 3. Nc3 {[%emt 0:00:00]} d5 {[%emt 0:00:43]} 4. cxd5 {[%emt 0:00:24]} Nxd5 {[%emt 0:00:07]} 5. e4 {[%emt 0:00:09]} Nxc3 {[%emt 0:00:04]} 6. bxc3 {[%emt 0:00:05]} c5 {[%emt 0:00:05]} 7. Nf3 {[%emt 0:00:09]} cxd4 {[%emt 0:00:05]} 8. cxd4 {[%emt 0:00:05]} Bb4+ {[%emt 0:00:05]} 9. Bd2 {[%emt 0:00:04]} Bxd2+ {[%emt 0:00:06]} 10. Qxd2 {[%emt 0:00:05]} O-O {[%emt 0:00:08]} 11. Bc4 {[%emt 0:00:13]} Nd7 {[%emt 0:00:11]} 12. O-O {[%emt 0:00:17]} b6 {[%emt 0:00:04]} 13. Rad1 {[%emt 0:01:24]} Bb7 {[%emt 0:00:11]} 14. Rfe1 {[%emt 0:00:06]} Rc8 {[%emt 0:00:11]} 15. Bb3 {[%emt 0:01:05]} Re8 {[%emt 0:00:16]} 16. h3 {[%emt 0:01:16]} h6 {[%emt 0:00:08]} 17. Qf4 {[%emt 0:06:31]} Qf6 {[%emt 0:00:55]} 18. Qg4 {[%emt 0:08:24]} Qe7 {[%emt 0:15:06]} 19. Qf4 {[%emt 0:12:04]} Qb4 {[%emt 0:06:49]} 20. Re3 {[%emt 0:05:40]} b5 {[%emt 0:14:23]} 21. Ne5 {[%emt 0:03:57]} Nxe5 {[%emt 0:06:11]} 22. dxe5 {[%emt 0:02:30]} Rc7 {[%emt 0:13:00]} 23. Rg3 {[%emt 0:00:25]} Kh7 {[%emt 0:00:35]} 24. Rg4 {[%emt 0:05:36]} a5 {[%emt 0:04:00]} 25. Rd3 {[%emt 0:00:37]} a4 {[%emt 0:05:14]} 26. Bd1 {[%emt 0:01:23]} Rg8 {[%emt 0:02:11]} 27. Kh2 {[%emt 0:02:05]} Qc4 {[%emt 0:01:22]} 28. Rdg3 {[%emt 0:00:54]} Qc1 {[%emt 0:00:42]} 29. Qf3 {[%emt 0:01:32]} Qa1 {[%emt 0:02:16]} 30. h4 {[%emt 0:05:16]} Qxe5 {[%emt 0:02:10]} 31. Rg5 {[%emt 0:03:02]} f5 {[%emt 0:03:25]} 32. Qh5 {[%emt 0:06:01]} Bxe4 {[%emt 0:00:46]} 33. Qg6+ {[%emt 0:01:19]} Kh8 {[%emt 0:00:01]} 34. Rh5 {[%emt 0:01:41]} Qf4 {[%emt 0:06:04]} 35. Qxe6 {[%emt 0:02:04]} Rc6 {[%emt 0:01:07]} 36. Qf7 {[%emt 0:01:43]} Rf6 {[%emt 0:00:52]} 37. Qa7 {[%emt 0:02:41]} Qb8 {[%emt 0:00:42]} 38. Qc5 {[%emt 0:03:07]} Qd6 {[%emt 0:00:31]} 39. Qc1 {[%emt 0:00:35]} Rd8 {[%emt 0:00:16]} 40. Be2 {[%emt 0:00:00]} b4 {[%emt 0:00:00]} 41. Qg5 {[%emt 0:03:53]} Qc7 {[%emt 0:02:19]} 42. f4 {[%emt 0:19:51]} Rdd6 {[%emt 0:00:28]} 43. Bc4 {[%emt 0:04:45]} Rg6 {[%emt 0:00:19]} 0-1

[Event "RUS-chT Premier 2019"]
[Site "Sochi"]
[Date "2019.05.07"]
[Round "6.4"]
[White "Oparin, Grigoriy"]
[Black "Shubin, Kirill"]
[Result "1/2-1/2"]
[WhiteElo "2624"]
[BlackElo "2404"]
[Annotator "ChessBase"]
[PlyCount "152"]
[EventDate "2019.05.01"]
[EventType "team-tourn"]
[EventCountry "RUS"]
[SourceTitle "playchess.com"]
[Source "ChessBase"]
[SourceQuality "1"]
[TimeControl "40/5400+30:1800+30"]

1. d4 {[%emt 0:00:00]} e6 {[%emt 0:00:00]} 2. Nf3 {[%emt 0:00:00]} Nf6 {[%emt 0:00:00]} 3. c4 {[%emt 0:00:00]} b6 {[%emt 0:00:00]} 4. g3 {[%emt 0:00:00]} Bb7 {[%emt 0:00:00]} 5. Bg2 {[%emt 0:00:00]} Be7 {[%emt 0:00:00]} 6. O-O {[%emt 0:00:10]} O-O {[%emt 0:00:00]} 7. Nc3 {[%emt 0:00:16]} Ne4 {[%emt 0:00:00]} 8. Bd2 {[%emt 0:00:04]} Bf6 {[%emt 0:00:00]} 9. Be1 {[%emt 0:00:32]} Nxc3 {[%emt 0:00:04]} 10. Bxc3 {[%emt 0:00:06]} Be4 {[%emt 0:00:02]} 11. Qa4 {[%emt 0:00:54]} d5 {[%emt 0:02:51]} 12. Ne5 {[%emt 0:03:22]} Bxg2 {[%emt 0:03:03]} 13. Kxg2 {[%emt 0:00:04]} dxc4 {[%emt 0:05:29]} 14. Qxc4 {[%emt 0:00:16]} Qd5+ {[%emt 0:00:54]} 15. Qxd5 {[%emt 0:00:08]} exd5 {[%emt 0:00:08]} 16. Nd3 {[%emt 0:00:38]} a5 {[%emt 0:05:04]} 17. Rac1 {[%emt 0:04:04]} Na6 {[%emt 0:04:29]} 18. Rc2 {[%emt 0:07:22]} Rfe8 {[%emt 0:11:16]} 19. e3 {[%emt 0:09:03]} Be7 {[%emt 0:06:05]} 20. Nf4 {[%emt 0:01:11]} Rad8 {[%emt 0:02:44]} 21. h4 {[%emt 0:00:51]} h6 {[%emt 0:03:58]} 22. Bd2 {[%emt 0:19:23]} c5 {[%emt 0:07:24]} 23. dxc5 {[%emt 0:01:33]} Bxc5 {[%emt 0:00:06]} 24. Nd3 {[%emt 0:03:10]} a4 {[%emt 0:09:31]} 25. Rb1 {[%emt 0:08:11]} d4 {[%emt 0:01:03]} 26. Nxc5 {[%emt 0:00:24]} Nxc5 {[%emt 0:00:11]} 27. exd4 {[%emt 0:00:35]} Ne6 {[%emt 0:01:30]} 28. Be3 {[%emt 0:03:00]} Rd5 {[%emt 0:06:18]} 29. Rbc1 {[%emt 0:05:57]} f5 {[%emt 0:01:39]} 30. Rc8 {[%emt 0:04:23]} Rxc8 {[%emt 0:00:13]} 31. Rxc8+ {[%emt 0:00:05]} Kf7 {[%emt 0:00:03]} 32. Rb8 {[%emt 0:05:51]} b5 {[%emt 0:00:35]} 33. h5 {[%emt 0:07:13]} Ke7 {[%emt 0:07:23]} 34. Rb7+ {[%emt 0:03:00]} Kd6 {[%emt 0:03:27]} 35. Rb6+ {[%emt 0:00:05]} Ke7 {[%emt 0:00:57]} 36. Kf3 {[%emt 0:02:12]} Kd7 {[%emt 0:01:36]} 37. Ke2 {[%emt 0:02:06]} f4 {[%emt 0:03:29]} 38. gxf4 {[%emt 0:00:09]} Rxh5 {[%emt 0:00:21]} 39. Kf3 {[%emt 0:05:04]} Nc7 {[%emt 0:00:07]} 40. Ke4 {[%emt 0:00:00]} Ne8 {[%emt 0:00:00]} 41. Rb7+ {[%emt 0:03:41]} Kd6 {[%emt 0:02:41]} 42. f5 {[%emt 0:03:42]} Kc6 {[%emt 0:01:07]} 43. Re7 {[%emt 0:00:12]} Nd6+ {[%emt 0:00:09]} 44. Kd3 {[%emt 0:00:05]} Rxf5 {[%emt 0:03:11]} 45. Rxg7 {[%emt 0:00:19]} h5 {[%emt 0:00:34]} 46. b3 {[%emt 0:03:58]} axb3 {[%emt 0:01:51]} 47. axb3 {[%emt 0:00:40]} Kd5 {[%emt 0:02:57]} 48. Re7 {[%emt 0:06:22]} Nc8 {[%emt 0:02:26]} 49. Rc7 {[%emt 0:02:26]} Nd6 {[%emt 0:00:05]} 50. Ke2 {[%emt 0:00:11]} Ke6 {[%emt 0:04:14]} 51. Kf1 {[%emt 0:01:43]} Ne4 {[%emt 0:04:37]} 52. Kg2 {[%emt 0:00:24]} Rf8 {[%emt 0:02:15]} 53. Rh7 {[%emt 0:01:20]} Rf5 {[%emt 0:00:10]} 54. Rb7 {[%emt 0:01:11]} Nd6 {[%emt 0:01:32]} 55. Rc7 {[%emt 0:00:06]} Ne4 {[%emt 0:00:11]} 56. f3 {[%emt 0:03:02]} Nd6 {[%emt 0:00:19]} 57. f4 {[%emt 0:02:09]} Ne4 {[%emt 0:03:55]} 58. Kf3 {[%emt 0:01:36]} Ng5+ {[%emt 0:00:03]} 59. Kg3 {[%emt 0:00:18]} Ne4+ {[%emt 0:00:06]} 60. Kh4 {[%emt 0:00:25]} Nf6 {[%emt 0:02:46]} 61. Rc6+ {[%emt 0:01:00]} Kd7 {[%emt 0:02:00]} 62. Rc5 {[%emt 0:00:13]} Rxc5 {[%emt 0:05:52]} 63. dxc5 {[%emt 0:00:05]} Nd5 {[%emt 0:00:01]} 64. Bd2 {[%emt 0:00:31]} b4 {[%emt 0:00:02]} 65. Kxh5 {[%emt 0:00:45]} Kc6 {[%emt 0:00:04]} 66. f5 {[%emt 0:00:42]} Kxc5 {[%emt 0:00:04]} 67. Kh6 {[%emt 0:10:14]} Kd4 {[%emt 0:00:30]} 68. Bxb4 {[%emt 0:00:07]} Ke5 {[%emt 0:00:10]} 69. Kg6 {[%emt 0:01:07]} Nxb4 {[%emt 0:00:05]} 70. f6 {[%emt 0:00:04]} Nd5 {[%emt 0:00:07]} 71. f7 {[%emt 0:00:07]} Nf4+ {[%emt 0:00:02]} 72. Kg7 {[%emt 0:00:07]} Ne6+ {[%emt 0:00:03]} 73. Kg8 {[%emt 0:00:03]} Kd5 {[%emt 0:00:06]} 74. f8=Q {[%emt 0:00:04]} Nxf8 {[%emt 0:00:06]} 75. Kxf8 {[%emt 0:00:02]} Kc5 {[%emt 0:00:04]} 76. b4+ {[%emt 0:00:02]} Kxb4 {[%emt 0:00:04]} 1/2-1/2

[Event "RUS-chT Premier 2019"]
[Site "Sochi"]
[Date "2019.05.07"]
[Round "6.5"]
[White "Saveliev, Alexei"]
[Black "Predke, Alexandr"]
[Result "0-1"]
[WhiteElo "2367"]
[BlackElo "2626"]
[Annotator "ChessBase"]
[PlyCount "94"]
[EventDate "2019.05.01"]
[EventType "team-tourn"]
[EventCountry "RUS"]
[SourceTitle "playchess.com"]
[Source "ChessBase"]
[SourceQuality "1"]
[TimeControl "40/5400+30:1800+30"]

1. e4 {[%emt 0:00:00]} e5 {[%emt 0:01:01]} 2. Nf3 {[%emt 0:00:00]} Nc6 {[%emt 0:00:04]} 3. Bb5 {[%emt 0:00:00]} a6 {[%emt 0:00:07]} 4. Ba4 {[%emt 0:00:00]} Nf6 {[%emt 0:00:05]} 5. O-O {[%emt 0:00:00]} Be7 {[%emt 0:00:09]} 6. Re1 {[%emt 0:00:01]} b5 {[%emt 0:00:08]} 7. Bb3 {[%emt 0:00:05]} d6 {[%emt 0:00:04]} 8. c3 {[%emt 0:00:05]} O-O {[%emt 0:00:11]} 9. h3 {[%emt 0:00:06]} Na5 {[%emt 0:00:12]} 10. Bc2 {[%emt 0:00:40]} c5 {[%emt 0:00:06]} 11. d4 {[%emt 0:00:10]} Qc7 {[%emt 0:00:10]} 12. Nbd2 {[%emt 0:02:37]} Bd7 {[%emt 0:00:25]} 13. Nf1 {[%emt 0:07:38]} Nc4 {[%emt 0:00:22]} 14. b3 {[%emt 0:02:39]} Nb6 {[%emt 0:00:06]} 15. Ne3 {[%emt 0:00:38]} c4 {[%emt 0:00:50]} 16. Ba3 {[%emt 0:06:34]} Rfe8 {[%emt 0:00:46]} 17. bxc4 {[%emt 0:14:38]} Nxc4 {[%emt 0:01:18]} 18. Nxc4 {[%emt 0:01:10]} bxc4 {[%emt 0:02:10]} 19. Rb1 {[%emt 0:01:50]} Bf8 {[%emt 0:17:50]} 20. Qe2 {[%emt 0:16:35]} Rab8 {[%emt 0:00:05]} 21. Rxb8 {[%emt 0:00:03]} Rxb8 {[%emt 0:08:17]} 22. Rb1 {[%emt 0:08:33]} Rb5 {[%emt 0:01:05]} 23. Bb4 {[%emt 0:01:49]} exd4 {[%emt 0:00:11]} 24. Nxd4 {[%emt 0:04:58]} Re5 {[%emt 0:16:16]} 25. Rd1 {[%emt 0:01:56]} Re8 {[%emt 0:04:33]} 26. Nf3 {[%emt 0:00:29]} a5 {[%emt 0:00:20]} 27. Ba3 {[%emt 0:02:58]} Bf5 {[%emt 0:02:24]} 28. Rd4 {[%emt 0:02:24]} Qb7 {[%emt 0:10:23]} 29. Nd2 {[%emt 0:08:43]} d5 {[%emt 0:13:06]} 30. Ba4 {[%emt 0:00:30]} Re6 {[%emt 0:00:03]} 31. Bxf8 Kxf8 32. e5 {[%emt 0:09:12]} Qb2 {[%emt 0:12:51]} 33. Qe3 {[%emt 0:03:49]} Qxa2 {[%emt 0:01:04]} 34. Rf4 Qxa4 {[%emt 0:01:18]} 35. Qc5+ {[%emt 0:01:48]} Kg8 {[%emt 0:03:39]} 36. exf6 {[%emt 0:00:49]} Bg6 {[%emt 0:01:24]} 37. Qxd5 {[%emt 0:00:43]} gxf6 38. Rxc4 {[%emt 0:02:57]} Qa3 {[%emt 0:02:34]} 39. Nf3 {[%emt 0:00:00]} Kg7 {[%emt 0:01:42]} 40. h4 {[%emt 0:00:00]} Rd6 {[%emt 0:00:30]} 41. Qb5 {[%emt 0:07:46]} Rd1+ {[%emt 0:03:52]} 42. Kh2 {[%emt 0:00:04]} Qd6+ {[%emt 0:00:13]} 43. g3 {[%emt 0:00:09]} Qd3 {[%emt 0:00:40]} 44. Nd4 {[%emt 0:12:41]} Qe4 {[%emt 0:07:55]} 45. f3 {[%emt 0:01:03]} Qe1 {[%emt 0:00:12]} 46. Kh3 {[%emt 0:01:59]} h5 {[%emt 0:00:13]} 47. Qb2 {[%emt 0:00:28]} Qf1+ {[%emt 0:00:28]} 0-1